Core psychiatry. (3rd ed.) (Record no. 31165)

MARC details
000 -LEADER
fixed length control field 00771nam a2200217 a 4500
008 - FIXED-LENGTH DATA ELEMENTS--GENERAL INFORMATION
fixed length control field 130508s2012 ||||||||||||||||| || u
020 ## - INTERNATIONAL STANDARD BOOK NUMBER
International Standard Book Number 9780702033971
050 ## - LIBRARY OF CONGRESS CALL NUMBER
Classification number RC 454 Cor
100 ## - MAIN ENTRY--PERSONAL NAME
Personal name Wright, Padraig
245 10 - TITLE STATEMENT
Title Core psychiatry. (3rd ed.)
Statement of responsibility, etc. by Padraig Wright ; Julian Stern and Michael Phelan
250 ## - EDITION STATEMENT
Edition statement 3rd ed.
260 ## - PUBLICATION, DISTRIBUTION, ETC.
Place of publication, distribution, etc. Edinburgh:
Name of publisher, distributor, etc. Saunders/Elsevier
Date of publication, distribution, etc. 2012
300 ## - PHYSICAL DESCRIPTION
Extent xvii, 661p.: ill.
500 ## - GENERAL NOTE
General note SCHOOL OF MEDICINE
650 #0 - SUBJECT ADDED ENTRY--TOPICAL TERM
Topical term or geographic name entry element PSYCHIATRY
650 ## - SUBJECT ADDED ENTRY--TOPICAL TERM
Topical term or geographic name entry element MENTAL ILLNESS
650 #3 - SUBJECT ADDED ENTRY--TOPICAL TERM
Topical term or geographic name entry element MENTAL DISORDERS
700 ## - ADDED ENTRY--PERSONAL NAME
Personal name Stern, Julian
700 ## - ADDED ENTRY--PERSONAL NAME
Personal name Phelan, Michael
995 ## -
-- MEDICAL LIBRARY OPEN ACCESS
-- 901947
-- CBU-SCHOOL OF MEDICINE LIBRARY (Ndola)
-- RC 454 Cor
-- 1
-- AVAILABLE
-- May 16, 2013
-- 901947
-- Medical Library Open Access Collection
999 ## -
-- 31165
-- 31165
Holdings
Withdrawn status Lost status Source of classification or shelving scheme Damaged status Not for loan Permanent Location Current Location Shelving location Date acquired Total Checkouts Full call number Barcode Date last seen Price effective from Koha item type
          CBU-SCHOOL OF MEDICINE LIBRARY, NDOLA. CBU-SCHOOL OF MEDICINE LIBRARY, NDOLA.   11/30/2022   RC 454 Cor 901947 11/30/2022 11/30/2022 MONOGRAPH